000 00417nam a2200181Ia 4500
005 20240823014313.0
008 240823s9999||||xx |||||||||||||| ||und||
041 _aENGLISH
082 _A420 L8
100 _aPritam Singh Bright
245 0 _aI.A.S.General English Digest
250 _a15th
260 _c1968
_b"Bright Carriers,"
500 _aYES
650 _aENG
_bEnglish
942 _cBK
999 _c169702
_d169702